History Quiz

Random History Quiz

Presidential Quiz: Ulysses S Grant Stats

 Plays Quiz not verified by Sporcle

Challenge
Share
Tweet
Embed
Score 0/11 Timer 03:00
0 Plays Today
Hint Answer % Correct
Presidential Ordinal18th
100%
Birth StateOhio
95.3%
Year Elected - 1st term1868
93%
Political PartyRepublican
93%
Year Elected - 2nd term1872
93%
Year Died1885
86%
Year Born1822
83.7%
Previous JobGeneral of US Army (1864-1869)
79.1%
First LadyJulia Dent
62.8%
Vice President - 1stSchuyler Colfax
39.5%
Vice President - 2ndHenry Wilson
23.3%

You're not logged in!

Compare scores with friends on all Sporcle quizzes.
Join for Free
OR
Log In

You Might Also Like...

Show Comments

Extras

Created Dec 31, 2014SourceReportNominate
Tags:Ulysses S. Grant

Top Quizzes Today


Score Distribution

Your Account Isn't Verified!

In order to create a playlist on Sporcle, you need to verify the email address you used during registration. Go to your Sporcle Settings to finish the process.

Report this User

Report this user for behavior that violates our Community Guidelines.

Details: